[Тринадесет] 13 подстъпа към свободата [видео DVD] (Запис номер 223473)
[ съкратено ]
| 000 -Лидер | |
|---|---|
| Контролно поле с фиксирана дължина | 02520ngm a2200541 a 4500 |
| 003 - Код на организацията, давaща контролен номер | |
| Контролно поле | BLK |
| 005 - Дата и час на последна редакция | |
| Контролно поле | 20240528150401.0 |
| 008 - Елементи от данни с фиксирана дължина | |
| fixed length control field | 180410b bul||n||s|||||||| m|bulo| |
| 010 ## - Наследен системен номер | |
| LC control number | CDD00005200000 |
| 040 ## - Източник на каталожния запис | |
| Идентификатор на билиотеката - собственик на записа | BLK |
| 041 ## - Код за език | |
| Код за езика на текст/звукозапис или на отделно заглавие | Български |
| Код за езика КДБФ | Български |
| 072 #7 - Код за тематичната категория | |
| Код организация | bullib |
| Код за тематична категория | Ф0602 |
| Текст | Документални филми Ф |
| 072 #7 - Код за тематичната категория | |
| Код организация | bullib |
| Код за тематична категория | К |
| Текст | Краезнание |
| 080 ## - УДК | |
| Текстов определител УДК | Националноосвободителното движение в България (1856-1877) |
| УДК код - определител по УДК | 94(497.2)"1856/1877" |
| УДК определител | (092)(086.8) |
| УДК - код + определител | 94(497.2)"1856/1877"(092)(086.8) |
| 080 ## - УДК | |
| Текстов определител УДК | Краезнание |
| УДК код - определител по УДК | 908 |
| УДК определител | (497.215)(086.8) |
| УДК - код + определител | 908(497.215)(086.8) |
| 080 ## - УДК | |
| Текстов определител УДК | Филмова информация. Кинохроники |
| УДК код - определител по УДК | 791.43-92 |
| УДК - код + определител | 791.43-92 |
| 080 ## - УДК | |
| Текстов определител УДК | Биографии |
| УДК код - определител по УДК | 929 |
| УДК определител | (497.215) |
| УДК - код + определител | 929(497.215) |
| 139 ## - Редно поле | |
| Редна дума | [Тринадесет] 13 подстъпа към свободата [видео DVD] |
| Авторски знак | Три - Т 83 |
| 245 10 - Сведения за заглавието | |
| Заглавие | [Тринадесет] 13 подстъпа към свободата [видео DVD] |
| Редно поле (дума) | сценарист Емил Радев; режисьор Пенка Шопова; оператор Валентин Косев. |
| 257 ## - Страна на издаване | |
| Страна на създаване/издаване | България |
| 260 ## - Област на издателските данни | |
| Място на издаване, разпространение и проч. | Русе |
| Име на издателя, разпространителя и проч. | Регион. телевизионен център |
| Година на издаване | [2008] |
| 300 ## - Физическа характеристика | |
| Страници | (352 MB) |
| Размери/Мащаб | 12 см |
| 380 ## - Жанр | |
| Жанр | Изкуство |
| 490 ## - СЕРИИ (Колекции) | |
| Име на серия | Опознайте историята и забележителностите на родния край с филмите на РТВЦ - Русе |
| 500 ## - Общи забележки | |
| Забележка | Дигитално изд. |
| 650 #4 - Допълнително описание по предмет – тема | |
| Основно описание – тема или топоним | Националноосвободително движение - България - дейци |
| 9 (RLIN) | 243361 |
| 650 #4 - Допълнително описание по предмет – тема | |
| Основно описание – тема или топоним | Русе - история |
| 9 (RLIN) | 242626 |
| 651 #4 - Допълнително описание по предмет - топоним | |
| Географско понятие | Русе |
| 9 (RLIN) | 179462 |
| 651 #4 - Допълнително описание по предмет - топоним | |
| Географско понятие | България |
| 9 (RLIN) | 241624 |
| 653 ## - Ключова дума – ненормативна | |
| Ключова дума | националноосвободителни движения |
| 653 ## - Ключова дума – ненормативна | |
| Ключова дума | османско владичество |
| 653 ## - Ключова дума – ненормативна | |
| Ключова дума | революционери |
| 653 ## - Ключова дума – ненормативна | |
| Ключова дума | документални филми |
| 659 ## - Тематичен бюлетин | |
| Тематичен бюлетин | К |
| 659 ## - Тематичен бюлетин | |
| Тематичен бюлетин | Ф |
| 700 1# - Други автори (авторска отговорност) | |
| Лично име | Радев, Емил |
| Пълна форма на името | Енчев, Емил Радев |
| 9 (RLIN) | 354984 |
| 700 1# - Други автори (авторска отговорност) | |
| Лично име | Шопова, Пенка |
| Автороска отговорност (Описва отношението между автора и произведението) | режисьор |
| 9 (RLIN) | 354982 |
| 700 1# - Други автори (авторска отговорност) | |
| Лично име | Косев, Валентин |
| Автороска отговорност (Описва отношението между автора и произведението) | оператор |
| 9 (RLIN) | 354985 |
| 852 ## - Местоположение | |
| Форматна сигнатура | Цб CD 2993 |
| Част | 0 |
| 852 ## - Местоположение | |
| Форматна сигнатура | К 94(497.2.)"1856/1877"(092)/Т 83 |
| 856 4# - Електронен адрес и достъп | |
| Електронен формат | pdf - файл |
| Път до файла /url/ | |
| 856 4# - Електронен адрес и достъп | |
| Електронен формат | pdf - файл |
| Път до файла /url/ | |
| 942 ## - АРТИКУЛИ | |
| Вид на библиотечния материал | Компактдискове |
| Скрит в OPAC | Не |
| Периодичен библиозапис | Да |
| 944 ## - СЪЗДАВАНЕ И РЕДАКЦИЯ на ЗАПИСА | |
| Създаване/Редакция | Създаване |
| Дата на регистрацията/редакция | 19.10.2011 |
| Служител, извършил регистрацията/редакцията | 30553 |
| Статус, дата на статуса | Иваничка Йорданова |
| 944 ## - СЪЗДАВАНЕ И РЕДАКЦИЯ на ЗАПИСА | |
| Създаване/Редакция | Редакция |
| Дата на регистрацията/редакция | 18.09.2013 |
| 999 ## - СИСТЕМНИ КОНТРОЛНИ НОМЕРА | |
| Koha biblionumber | 223473 |
| Koha biblioitemnumber | 223473 |
| 999 ## - СИСТЕМНИ КОНТРОЛНИ НОМЕРА | |
| Koha biblioitemnumber | 223473 |
| 999 ## - СИСТЕМНИ КОНТРОЛНИ НОМЕРА | |
| Koha biblioitemnumber | 223473 |
| Код за отписване | Код за изгубен артикул | Източник на класификационната схема | Код за повреда | Коз за рестрикции | Код за отдаване | Артикулен № | Име на библиотеката - собственик | Име на библиотеката, в която се намира в момента | Статус (Текущо местоположение) | Дата на вписване в системата | Местоположение - отдел | Цена в лева | Инвентарен номер | Систематично азбучна сигнатура | Баркод | Номер на екземпляра | Цена в евро | Служебна бележка | Служебен тип на артикула |
|---|---|---|---|---|---|---|---|---|---|---|---|---|---|---|---|---|---|---|---|
| Не е изгубен | Universal Decimal Classification | Не е повреден | без рестрикции | заемане за дома | 395496 | Регионална библиотека "Любен Каравелов" Русе | Регионална библиотека "Любен Каравелов" Русе | Отдел Изкуство - подръчен фонд | 2011-10-19 | Отдел Изкуство - подръчен фонд | 10.00 | 250000004725 | 791.229/Т 83 | 250000004725 | 1 | 5.11 | Дост: DA Вид: А N: 16 Дата: 19.10.2011 Съставил: Валя_Йорданова | Компактдискове | |
| Не е изгубен | Universal Decimal Classification | Не е повреден | без рестрикции | ползва се в читалня | 395497 | Регионална библиотека "Любен Каравелов" Русе | Регионална библиотека "Любен Каравелов" Русе | Краезнание | 2011-10-19 | Краезнание | 10.00 | 250000004726 | К 94(497.2.)"1856/1877"(092)/Т 83 | 250000004726 | 2 | 5.11 | Дост: DA Вид: А N: 16 Дата: 19.10.2011 Съставил: Валя_Йорданова | Компактдискове |